[Event "ITA-ch U20"]
[Site "Bratto"]
[Date "2005.08.21"]
[Round "2"]
[White "Borsato, Federico"]
[Black "Bartolini, Leonardo"]
[Result "1-0"]
[WhiteElo "1811"]
[BlackElo "1580"]
[PlyCount "101"]
[EventDate "2005.08.20"]
[EventType "swiss"]
[EventRounds "9"]
[EventCountry "ITA"]
[SourceTitle "EXT 2006"]
[Source "ChessBase"]
[SourceDate "2005.11.24"]
[SourceVersion "1"]
[SourceVersionDate "2005.11.24"]
[SourceQuality "1"]

1. e4 c6 2. d4 d5 3. exd5 cxd5 4. Bd3 Nc6 5. c3 Nf6 6. h3 e6 7. Bg5 Be7 8. Nf3 Qb6 9. Qc2 Bd7 10. Nbd2 Rc8 11. Qb3 0-0 12. Qxb6 axb6 13. 0-0 Ne8 14. Bxe7 Nxe7 15. Ne5 Bc6 16. Rae1 Nd6 17. g4 Ra8 18. a3 b5 19. f4 g6 20. Kh2 Nc4 21. Ndxc4 bxc4 22. Bc2 Kg7 23. f5 gxf5 24. gxf5 Nxf5 25. Bxf5 exf5 26. Rxf5 f6 27. Rg1+ Kh8 28. Ng4 Rae8 29. Rg2 Re6 30. h4 Kg7 31. Ne5+ Kh8 32. h5 Be8 33. h6 Re7 34. Ng4 Bg6 35. Rxf6 Rfe8 36. Ne5 Be4 37. Rg3 Bg6 38. Nxg6+ hxg6 39. Rgxg6 Rh7 40. Re6 Rf8 41. Rgf6 Rg8 42. Re5 Rd8 43. Kg2 Rhd7 44. Ref5 Kg8 45. Kf3 Re8 46. Re5 Red8 47. Kf4 Kh8 48. Ref5 Kg8 49. Ke5 Re8+ 50. Re6 Red8 51. Rff6 1-0

[Event "ITA-ch U20"]
[Site "Porto San Giorgio"]
[Date "2004.08.24"]
[Round "5"]
[White "Berardi, Alessandro"]
[Black "Bartolini, Leonardo"]
[Result "1-0"]
[WhiteElo "1577"]
[BlackElo "1574"]
[PlyCount "101"]
[EventDate "2004.08.20"]
[EventType "swiss"]
[EventRounds "9"]
[EventCountry "ITA"]
[SourceTitle "EXT 2005"]
[Source "ChessBase"]
[SourceDate "2004.11.15"]
[SourceVersion "1"]
[SourceVersionDate "2004.11.15"]
[SourceQuality "1"]

1. e4 c5 2. Nf3 g6 3. c3 Bg7 4. d4 cxd4 5. cxd4 d5 6. Bb5+ Bd7 7. Bxd7+ Qxd7 8. e5 Nc6 9. Nc3 f6 10. Be3 fxe5 11. dxe5 Nxe5 12. Nxe5 Bxe5 13. Nxd5 Rd8 14. Nc3 Qxd1+ 15. Nxd1 a6 16. 0-0 Nf6 17. h3 Kf7 18. Re1 Bb8 19. Nc3 Nd5 20. Bd4 Rhe8 21. a3 Nxc3 22. Bxc3 Rd7 23. Re2 Red8 24. Rae1 Bd6 25. g3 b5 26. Re3 Bc5 27. Rf3+ Kg8 28. Kg2 Rf8 29. Rxf8+ Kxf8 30. Re6 Rd6 31. Re5 Bd4 32. Bxd4 Rxd4 33. Kf3 Rd2 34. b4 Rd6 35. h4 h6 36. Ke4 Ke8 37. h5 Kf7 38. hxg6+ Kxg6 39. Rxe7 Kf6 40. Re8 Kg6 41. f4 Kf6 42. Re5 Kg6 43. g4 Kf6 44. Rd5 Rc6 45. Rc5 Rd6 46. g5+ hxg5 47. fxg5+ Ke7 48. Kf5 Kf7 49. Rc7+ Kg8 50. Re7 Kf8 51. Re6 1-0

[Event "ITA-ch U20"]
[Site "Porto San Giorgio"]
[Date "2004.08.21"]
[Round "2"]
[White "Bartolini, Leonardo"]
[Black "Drezzadore, Dario"]
[Result "0-1"]
[WhiteElo "1574"]
[BlackElo "1730"]
[PlyCount "86"]
[EventDate "2004.08.20"]
[EventType "swiss"]
[EventRounds "9"]
[EventCountry "ITA"]
[SourceTitle "EXT 2005"]
[Source "ChessBase"]
[SourceDate "2004.11.15"]
[SourceVersion "1"]
[SourceVersionDate "2004.11.15"]
[SourceQuality "1"]

1. d4 Nf6 2. Nf3 d6 3. Bf4 g6 4. e3 Bg7 5. h3 0-0 6. Be2 Nbd7 7. 0-0 Qe8 8. Bh2 e5 9. c4 Qe7 10. Nc3 c6 11. Rc1 Ne8 12. a3 f5 13. b4 g5 14. Qb3 f4 15. Rcd1 Kh8 16. d5 c5 17. e4 h5 18. Nd2 Nef6 19. Nb5 g4 20. Nc7 Rb8 21. Ne6 Rg8 22. bxc5 Nxc5 23. Nxc5 dxc5 24. Kh1 Bf8 25. Qc3 Nh7 26. Bxf4 Bg7 27. Bh2 Bf6 28. Rg1 Ng5 29. h4 Nf7 30. Bg3 Re8 31. Nb3 b6 32. Rb1 Bd7 33. Ra1 Ba4 34. Bd1 Bxb3 35. Bxb3 Bxh4 36. Ba4 Red8 37. Bc6 Bxg3 38. Qxg3 Nd6 39. Qh2 Qg5 40. Rgc1 Nxe4 41. Rc2 g3 42. fxg3 Nxg3+ 43. Kg1 Rf8 0-1